000 01590nam a2200289 a 4500
001 1822796
003 AM-YEHGA
005 20250617164645.0
008 220310s2019 ai a|||gr|||||||||0|arm|d
020 _a9789939867502
040 _aAM-YeHGA
041 0 _aarm
100 1 _aՓիլիպոսյան, Աշոտ
245 1 0 _aՄեծամոր /
_cԱ․ Փիլիպոսյան, Ք․ Յակուբյակ ; Խմբագիրներ՝ Ա․ Փիլիպոսյան, Կ․ Փահլևանյան, Կ․ Բազեյան ; Ձևավորող՝ Ս․ Սահակյան, Լ․ Գևորգյան ; «Պատմամշակութային արգելոց-թանգարանների և պատմական միջավայրի պահպանության ծառայություն» ՊՈԱԿ․
260 _aԵրևան :
_b«Հայրապետ» հրատ․,
_c2019․
300 _a[48] էջ :
_bգունավոր նկ. ;
_c20x20 սմ․
650 1 4 _aՀնագիտություն
_xՊատմություն
650 1 4 _aՊատմամշակութային արգելոց-թանգարաններ
_xՄեծամոր
700 1 _aՅակուբյակ, Ք․
700 1 _aՓահլևանյան, Կարեն
_eխմբ.
_4edt
700 1 _aԲազեյան, Կարինե
_eխմբ.
_4edt
700 1 _aՍահակյան, Սիմոն
_eձևավորող
_4dsn
700 1 _aԳևորգյան, Լիլիթ
_eձևավորող
_4dsn
710 2 _a«Պատմամշակութային արգելոց-թանգարանների և պատմական միջավայրի պահպանության ծառայություն» ՊՈԱԿ
942 _2udc
_cBK
090 _c565331
999 _c527344
_d527344